Statistics for Percy Jackson & the Olympians Quiz

Click here to take the quiz!

General Stats

  • This quiz has been taken 739 times
  • The average score is 13 of 15

Answer Stats

HintAnswer% Correct
pine treethalia
94%
main's girlfriendannabeth chase
93%
the mean stepfathergabe ugliano
93%
satyr friendgrover underwood
93%
the real fatherposeidon
91%
mentorchiron
89%
death boynico di angelo
89%
the nice stepfatherpaul blofis
89%
death boy's sisterbianca di angelo
88%
who the titan usesluke castellan
87%
the first monstermrs dodds
85%
artsy mortalrachel
81%
guinea pigpercy jackson
78%
candy mortalsally jackson
66%
main antagonistkronos
63%

Score Distribution

Percentile by Number Answered

Percent of People with Each Score

Your Score History

You have not taken this quiz